The problem with building land (Record no. 12166)

000 -LEADER
fixed length control field 00330pab a2200145 454500
008 - FIXED-LENGTH DATA ELEMENTS--GENERAL INFORMATION
fixed length control field 180718b1983 xxu||||| |||| 00| 0 eng d
100 ## - MAIN ENTRY--PERSONAL NAME
Personal name Jennings, R.
245 ## - TITLE STATEMENT
Title The problem with building land
260 ## - PUBLICATION, DISTRIBUTION, ETC.
Date of publication, distribution, etc. 1983
300 ## - PHYSICAL DESCRIPTION
Extent 257-83
650 ## - SUBJECT ADDED ENTRY--TOPICAL TERM
Topical term or geographic name entry element Land Use
700 ## - ADDED ENTRY--PERSONAL NAME
Personal name B. Grist
773 ## - HOST ITEM ENTRY
Main entry heading Administration
909 ## -
-- 12166
Holdings
Withdrawn status Lost status Damaged status Not for loan Permanent Location Current Location Date acquired Serial Enumeration / chronology Barcode Date last seen Price effective from Koha item type
        Indian Institute of Public Administration Indian Institute of Public Administration 2018-07-19 Volume no: 31, Issue no: 3 AR12207 2018-07-19 2018-07-19 Articles

Powered by Koha